La intervención del fiscal en la investigación y juzgamiento de los delitos tributarios. (Registro nro. 22179)

Detalles MARC
000 -LEADER
fixed length control field 00389 a2200109 4500
001 - CONTROL NUMBER
control field ART_17330
005 - DATE AND TIME OF LATEST TRANSACTION
control field 20260410161819.0
008 - FIXED-LENGTH DATA ELEMENTS--GENERAL INFORMATION
fixed length control field 260409a
100 1# - MAIN ENTRY--PERSONAL NAME
Personal name Robiglio, Carolina L.
245 10 - TITLE STATEMENT
Title La intervención del fiscal en la investigación y juzgamiento de los delitos tributarios.
773 0# - HOST ITEM ENTRY
Title Doctrina Penal Tributaria y Económica
Related parts - Nº 7 (jul. 2008)
Record control number REV4317

No hay ítems disponibles.